000 01331nam a2200217Ia 4500
999 _c38183
_d38183
001 4173
003 GE_BSU
005 20190919144138.0
008 181216s1969||||ge |||||||||||||| ||geo||
040 _cGE_BSU
041 _ageo
080 _a398(479.22) ქ-27
245 _aქართული ფოლკლორი :
_bმასალები და გამოკვლევები. ტ. 3. /
_cრედ. ქ. სიხარულიძე.
264 _aთბილისი :
_bმეცნიერება,
_c1969.
300 _a383 გვ. ;
_b22 სმ.
500 _aეძღვნება საქ. სსრ. მეცნიერების დამსახურებულ მოღვაწეს, პროფესორ მიხეილ იასონის–ძე ჩიქოვანს დაბადების 60 და სამეცნ. პედაგოგიური მოღვაწეობის ორმოცი წლისთავზე.
653 _aქართული ფოლკლორი.
700 _aსიხარულიძე, ქ.
_eრედაქტორი
_94124
710 _aსაქ. სსრ მეცნ. აკად., რუსთაველის სახ. ქართ. ლიტ. ინ-ტი
_94125
942 _cBK
_2udc